Statistics for Countries With Most Wind Power

Click here to take the quiz!

General Stats

  • This quiz has been taken 26 times
  • The average score is 9 of 10

Answer Stats

World RankGW (Gigawatt)Countries% Correct
7th15.3 GWFrance
96%
3rd59.3 GWGermany
96%
5th23Spain
96%
6th20.7United Kingdom
96%
2nd96.4United States
96%
1st221China
92%
9th12.8Canada
88%
10th10Italy
88%
8th14.5Brazil
80%
4th35India
68%

Score Distribution

Percentile by Number Answered

Percent of People with Each Score

Your Score History

You have not taken this quiz